000 01197nam a2200325 i 4500
003 EG-GICUC
005 20260206052535.0
008 260111s1979 ua |||fr|||| 00| 0 ara d
040 _a EG-GICUC
_bara
_c EG-GICUC
_d EG-GICUC
_erda
041 0 _aAra
082 0 4 _221
_a343.2
_bف و . ش
092 0 4 _221
099 _aLaw1 10 343.2 ف و . ش 1979
100 0 _aفوزية عبدالستار
_eمؤلف.
245 1 0 _aشرح قانون العقوبات :
_bالقسم الخاص /
_cتأليف الدكتورة فوزية عبدالستار.
246 _aجرائم الأموال
264 1 _aالقاهرة :
_bدار النهضة العربية،
_c1979.
264 3 _bمطبعة جامعة القاهرة
300 _a368 صفحة؛
_c24 سم.
336 _2rda content
_atext
337 _2rda media
_aComputer
338 _2rda carrier
_aOnline Resource
546 _aالنص باللغة العربية
650 1 _aقانون العقوبات
_xالقسم الخاص
_2qrmak
650 1 _aالقانون الجنائى
_2qrmak
651 1 _2qrmak
856 4 0 _uhttps://fll.law.cu.edu.eg/fulltext/bks/B10-07714.pdf
905 _a54
_eYara
942 _2ddc
_cBK
_e21
_n0
999 _c56400
_d56400